Série Netflix - Statistiques

Statistiques générales
  • Ce quiz a été pris 2 878 fois
  • Le résultat moyen est 4 sur 45
Statistiques - réponses
Réponse % Correct
Stranger Things
69%
Riverdale
56%
13 Reasons Why
35%
Orange is the new black
30%
Sex Education
30%
Narcos
16%
The Umbrella Academy
16%
The crown
14%
Insatiable
11%
Atypical
10%
On My Block
8%
Sense8
8%
House of Cards
7%
Les nouvelles aventures de Sabrina
6%
The OA
6%
Jessica Jones
5%
Ozark
5%
Luke Cage
4%
Mindhunter
4%
The Punisher
4%
Big Mouth
3%
Dardevil
3%
Iron Fist
3%
Love
3%
The Order
3%
Altered Carbon
2%
BoJack Horseman
2%
Désenchantée
2%
Glow
2%
Les désastreuses aventures des orphelins Baudelaire
2%
Santa Clarita Diet
2%
The Defenders
2%
The Haunting Of Hill House
2%
Au fil des jours
1%
F is For Family
1%
Girlboss
1%
Godless
1%
Grace et Frankie
1%
Hemlock Grove
1%
Maniac
1%
Perdus dans l'espace
1%
Poupée Russe
1%
The Innocents
1%
Unbreakable Kimmy Schmidt
1%
Seven Seconds
0%
Aucun quiz correspondant
Distribution des résultats
% des personnes avec chaque résultat
Percentile par nombre de réponses
Votre historique - résultats
Vous n’avez pas pris ce quiz